00531nam a2200181 a 4500008004100000020001500041050001600056100002200072245003200094250001200126260002800138300002400166350000900190490003400199500005300233650004600286650001700332060316s1991 ||||||||||||||||| || u a025608792X aHF 5429 Bur aBurstiner, Irving10aBasic retailing. (2nd ed.)  a2nd ed. aHomewood :bIrwinc1991 axxix, 770 p. : ill. a0.00 aThe Irwin series in marketing aIncludes bibliographical references and indexes. aRETAIL TRADE--UNITED STATES--CASE STUDIES aRETAIL TRADE